000 00556nam a2200205 a 4500
005 20140310183310.0
008 051020s19uu xx 00 eng d
020 _a9780240805887
050 _aPN 1996
_b.C814 2005
100 _aCooper, Pat
245 _aWriting the short film /
_cPat Cooper and Ken Dancyger.
250 _a3rd ed.
260 _aLondon :
_bElsevier Focal Press,
_c2005.
300 _a359 p. :
_c23 cm.
521 _aMC
650 _aShort films
_xAuthorship.
700 _aDancyger, Ken
942 _cBK
_2lcc
_kFOR
999 _c21149
_d21149